| 000 | 00890nam a2200253Ia 4500 | ||
|---|---|---|---|
| 001 | 21848 | ||
| 005 | 20260320113318.0 | ||
| 008 | 260320s9999||||xx |||||||||||||| ||und|| | ||
| 020 | _a9789587917222 | ||
| 041 | _aESP | ||
| 082 |
_a332.678 _bM84 |
||
| 100 |
_aMontoya Vásquez, Eulicer Armando, _eAUT |
||
| 245 | 0 |
_aDocumento guía para la formulación y evaluación de proyectos sociales _b |
|
| 246 |
_a _5 _b |
||
| 260 |
_aBogotá : _bGrupo Editorial Ibáñez, _c2023 |
||
| 300 |
_a175 páginas : _bilustraciones, tablas ; _c24 cm. _e |
||
| 440 |
_a _n _v |
||
| 650 | _aCIS | ||
| 653 | _aAdministración de proyectos sociales - Guías; Proyectos sociales - Evalución - Guías; Elaboración de proyectos | ||
| 654 | _aCAN | ||
| 700 |
_a _c |
||
| 856 |
_uhttps://www-bibliotechnia-com-mx.ucsp.lookproxy.com/ _zVéase además: Base de datos BiblioTechnia |
||
| 942 |
_cLIB _dJUS _fMAT _2ddc _n |
||
| 999 |
_c21848 _d21848 |
||